Người trúng số an ủi

में बचाया:
ग्रंथसूची विवरण
मुख्य लेखक: Việt Hòa
स्वरूप: पुस्तक
भाषा:Vietnamese
प्रकाशित: Công an nhân dân 1997
विषय:
टैग : टैग जोड़ें
कोई टैग नहीं, इस रिकॉर्ड को टैग करने वाले पहले व्यक्ति बनें!
Thư viện lưu trữ: Mạng thư viện Đại học Đà Nẵng
LEADER 00972nam a2200313 a 4500
001 000003761
003 00178
005 20171229145311.0
008 171229s1997 vie
040 |a LSK 
041 0 |a VIE 
082 0 |a 895.9223  |b VI-H 
100 1 |a Việt Hòa 
245 0 0 |a Người trúng số an ủi 
260 |b Công an nhân dân  |c 1997 
300 |a 251 pages  |c 19 cm. 
653 |a Văn học - Việt Nam - Tiểu thuyết 
852 |a Phòng Đọc 
901 |a 2 
927 |a Sách tham khảo 
OWN |a LSK 
AVA |a UDN50  |b LSK  |d 895.9223 VI-H  |e available  |t Error 5001 Not defined in file expand_doc_bib_avail.  |f 2  |g 0  |h N  |i 0  |k 1 
999 |a From the UDN01 
AVA |a UDN50  |b LSK  |d 895.9223 VI-H  |e available  |t Error 5001 Not defined in file expand_doc_bib_avail.  |f 2  |g 0  |h N  |i 0  |k 1 
TYP |a Monograph 
TYP |a Printed language 
980 |a Mạng thư viện Đại học Đà Nẵng